000 00198 a2200097 4500
001 7868
100 _aCadoux, j
245 _aOne thousand meters down
260 _a
_bAllen
_c
090 _c6314
_d6314
942 _aNUST-CAE
_cM
_c32839
999 _c242941
_d242941